Nástroj na automatické predspracovanie dát pre dolovanie vedomosti z dát bakalárska práca

Salvato in:
Dettagli Bibliografici
Autore principale: Vardžák, Dominik
Ente Autore: Fakulta hospodárskej informatiky EU. Katedra aplikovanej informatiky
Altri autori: Mináriková, Erika, 1996-
Natura: Libro
Lingua:slovacco
Pubblicazione: Bratislava 2023
Tags: Aggiungi Tag
Nessun Tag, puoi essere il primo ad aggiungerne!!

MARC

LEADER 00000nbm a2200000 4500
001 0294981
005 20240223133445.3
041 0 |a slo 
044 |a SK 
245 1 0 |a Nástroj na automatické predspracovanie dát pre dolovanie vedomosti z dát  |b bakalárska práca  |c Dominik Vardžák ; školiteľ: Erika Mináriková 
264 1 |a Bratislava  |c 2023 
300 |a 45 s. 
100 1 |a Vardžák, Dominik 
700 1 |a Mináriková, Erika, 1996- 
710 2 |a Fakulta hospodárskej informatiky EU. Katedra aplikovanej informatiky